Statistics for Cities on the North Sea by a Clue

Click here to take the quiz!

General Stats

  • This quiz has been taken 92 times
  • The average score is 15 of 20

Answer Stats

HintLetterCity% Correct
Where Anne Frank hid in an atticAAmsterdam
100%
Main port of SwedenGGothenburg
97%
Among British cities, this one gets the second-most overseas visitorsEEdinburgh
96%
Closest French town to Great BritainCCalais
96%
Where the Nobel Peace Prize is awardedOOslo
94%
England town famous for its "White Cliffs"DDover
94%
Considered to be the largest port of BelgiumAAntwerp
93%
Considered the "capital" of the Scottish HighlandsIInverness
90%
Served as Norway's capital in the 13th centuryBBergen
88%
Belgian city famous for canalsBBruges
88%
British troops evacuated from here in 1940DDunkirk
88%
Home to the International Court of JusticeTThe Hague
77%
Often called the "Granite City"AAberdeen
66%
Located on the Firth of TayDDundee
66%
Belgian seaside cityOOstend
51%
Widely referred to as the "Oil Capital of Norway"SStavanger
49%
Is located on the northern bank of the Humber RiverKKingston upon Hull
46%
Largest town of the Orkney ArchipelagoKKirkwall
44%
Is part of the "Free City" of BremenBBremerhaven
34%
Main seaport of western DenmarkEEsbjerg
32%

Score Distribution

Percentile by Number Answered

Percent of People with Each Score

Your Score History

You have not taken this quiz